Commercial and industrial Internet of Things applications with the Raspberry Pi : (Record no. 6883)

MARC details
000 -LEADER
fixed length control field 00683nam a22002297a 4500
003 - CONTROL NUMBER IDENTIFIER
control field OSt
005 - DATE AND TIME OF LATEST TRANSACTION
control field 20220107122901.0
008 - FIXED-LENGTH DATA ELEMENTS--GENERAL INFORMATION
fixed length control field 211209b xxu||||| |||| 00| 0 eng d
020 ## - INTERNATIONAL STANDARD BOOK NUMBER
International Standard Book Number 9781484252956
040 ## - CATALOGING SOURCE
Transcribing agency KUDSIT
082 ## - DEWEY DECIMAL CLASSIFICATION NUMBER
Classification number 004.16 CUL/C
100 ## - MAIN ENTRY--PERSONAL NAME
Personal name Culic, Ioana
9 (RLIN) 18812
245 ## - TITLE STATEMENT
Title Commercial and industrial Internet of Things applications with the Raspberry Pi :
Remainder of title Prototyping IoT solutions
260 ## - PUBLICATION, DISTRIBUTION, ETC.
Place of publication, distribution, etc. Apress,
Name of publisher, distributor, etc. New York,
Date of publication, distribution, etc. 2020.
300 ## - PHYSICAL DESCRIPTION
Extent xvii, 293p.
650 ## - SUBJECT ADDED ENTRY--TOPICAL TERM
Topical term or geographic name entry element COMPUTER SCIENCE
9 (RLIN) 18813
650 ## - SUBJECT ADDED ENTRY--TOPICAL TERM
Topical term or geographic name entry element INDUSTRIAL IOT
9 (RLIN) 18814
650 ## - SUBJECT ADDED ENTRY--TOPICAL TERM
Topical term or geographic name entry element RASPERRY PI
9 (RLIN) 18815
700 ## - ADDED ENTRY--PERSONAL NAME
Personal name Radovici, Alexandru
9 (RLIN) 18816
700 ## - ADDED ENTRY--PERSONAL NAME
Personal name Rusu, Cristian
9 (RLIN) 18817
942 ## - ADDED ENTRY ELEMENTS (KOHA)
Source of classification or shelving scheme Dewey Decimal Classification
Koha item type Books
Holdings
Withdrawn status Lost status Source of classification or shelving scheme Damaged status Not for loan Collection code Home library Current library Shelving location Date acquired Cost, normal purchase price Total Checkouts Full call number Barcode Date last seen Price effective from Koha item type
    Dewey Decimal Classification     Data Processing Computer Processing Kerala University of Digital Sciences, Innovation and Technology Knowledge Centre Kerala University of Digital Sciences, Innovation and Technology Knowledge Centre Computer Science 18/04/2023 2196.00   004.16 CUL/C 5800 09/12/2021 09/12/2021 Books